000 00446nam a22001577a 4500
003 OSt
005 20250415162220.0
008 250415b |||||||| |||| 00| 0 eng d
020 _a9780749434526
040 _cacl
050 _a374 MOO
100 _aMoon, Fennifer A
245 _aReflection in learining & professional development : theory & practice
_c\ by Fennifer A Moon
260 _aLondon
_bRoutledgeFalmer
_c1999
942 _2ddc
_cENGLISH
999 _c570825
_d570825